| 000 | 00567nam a2200205 4500 | ||
|---|---|---|---|
| 003 | OSt | ||
| 005 | 20231002122454.0 | ||
| 008 | 160307b xxu||||| |||| 00| 0 eng d | ||
| 020 | _a0333960505 | ||
| 040 | _c040a | ||
| 082 | _a301 JEN 2002 | ||
| 100 |
_aJenkins, Richard _97105 |
||
| 245 |
_aFoundations of Sociology : _btowards a better understanding of the human world |
||
| 260 |
_aHampshire _bPalgrave Macmillan _c2002 |
||
| 300 |
_ax, 179p; _c8 cm |
||
| 504 | _aIncludes index | ||
| 610 |
_aSociology _97106 |
||
| 650 |
_aSociology _92259 |
||
| 942 |
_2ddc _cSLOAN |
||
| 999 |
_c3178 _d3178 |
||